Bộ luật tố tụng dân sự của nước cộng hòa Pháp
Gồm các qui định chung cho tất cả các toà án qui định riêng cho mỗi toà án. Các qui định riêng cho một số lĩnh vực về nhân thân, tài sản chế độ tài sản trong hôn nhân, thừa kế, cho tăng nghĩa vụ hợp đồng......
Đã lưu trong:
| 格式: | 图书 |
|---|---|
| 语言: | Undetermined |
| 出版: |
Hà Nội
Chính trị Quốc gia
1998
|
| 主题: | |
| 标签: |
添加标签
没有标签, 成为第一个标记此记录!
|
| Thư viện lưu trữ: | Trung tâm Học liệu Trường Đại học Cần Thơ |
|---|
| LEADER | 01021nam a2200193Ia 4500 | ||
|---|---|---|---|
| 001 | CTU_156326 | ||
| 008 | 210402s9999 xx 000 0 und d | ||
| 082 | |a 347.4405 | ||
| 082 | |b B450/1998 | ||
| 245 | 0 | |a Bộ luật tố tụng dân sự của nước cộng hòa Pháp | |
| 245 | 0 | |c Nhà pháp luật Việt - Pháp | |
| 260 | |a Hà Nội | ||
| 260 | |b Chính trị Quốc gia | ||
| 260 | |c 1998 | ||
| 520 | |a Gồm các qui định chung cho tất cả các toà án qui định riêng cho mỗi toà án. Các qui định riêng cho một số lĩnh vực về nhân thân, tài sản chế độ tài sản trong hôn nhân, thừa kế, cho tăng nghĩa vụ hợp đồng... | ||
| 650 | |a Law,Civil procedure,Tố tụng dân sự,Luật pháp | ||
| 650 | |z France,France,Pháp,Pháp | ||
| 904 | |i Giang, Năm sửa PL 346.44/Nh100/1998 thành 347.4405/B450/1998 | ||
| 980 | |a Trung tâm Học liệu Trường Đại học Cần Thơ | ||